000 00531nam a2200193Ia 4500
003 OSt
005 20241001121244.0
008 210210b1940 xxu||||| |||| 00| 0 eng d
040 _cAL
041 _aKannada
082 _a851/107
100 _aGANAPATIRAV PANDESVARA
_dಗಣಪತಿರಾವ್ ಪಾಂಡೇಶ್ವರ
_9181036
245 _aChengalave
_bಚೆಂಗಲವೆ
260 _aPutturu
_b-
_c1940
650 _aChengalave
_9181037
690 _aKannada Poetry
_9181038
906 _a018124
942 _2ddc
_cBK
999 _c141253
_d141253